Relationship Marketing : (Record no. 13736)
[ view plain ]
| 000 -LEADER | |
|---|---|
| fixed length control field | 00915nam a22002057a 4500 |
| 008 - FIXED-LENGTH DATA ELEMENTS--GENERAL INFORMATION | |
| fixed length control field | 100321t2008 xxu||||| |||| 00| 0 eng d |
| 020 ## - INTERNATIONAL STANDARD BOOK NUMBER | |
| International Standard Book Number | 9780077114220 (pbk.) : |
| 020 ## - INTERNATIONAL STANDARD BOOK NUMBER | |
| International Standard Book Number | 0077114221 (pbk.) : |
| 082 ## - DEWEY DECIMAL CLASSIFICATION NUMBER | |
| Edition number | 22 |
| Classification number | 658.812 |
| Item number | HAR |
| 100 1# - MAIN ENTRY--PERSONAL NAME | |
| Personal name | Harwood, Tracy. |
| 9 (RLIN) | 12910 |
| 245 ## - TITLE STATEMENT | |
| Title | Relationship Marketing : |
| Remainder of title | Perspectives, Dimensions and Contexts / |
| Statement of responsibility, etc | Tracy Harwood, Tony Garry and Anne Broderick. |
| 260 ## - PUBLICATION, DISTRIBUTION, ETC. (IMPRINT) | |
| Place of publication, distribution, etc | London : |
| Name of publisher, distributor, etc | McGraw-Hill Education, |
| Date of publication, distribution, etc | c2008. |
| 300 ## - PHYSICAL DESCRIPTION | |
| Extent | xxii, 242 p. : |
| Other physical details | ill. ; |
| Dimensions | 24 cm. |
| 504 ## - BIBLIOGRAPHY, ETC. NOTE | |
| Bibliography, etc | Includes bibliographical references and index. |
| 650 #0 - SUBJECT ADDED ENTRY--TOPICAL TERM | |
| Topical term or geographic name as entry element | Relationship marketing. |
| 9 (RLIN) | 12911 |
| 700 1# - ADDED ENTRY--PERSONAL NAME | |
| Personal name | Broderick, Anne |
| Fuller form of name | (Anne J.) |
| 9 (RLIN) | 12912 |
| 700 1# - ADDED ENTRY--PERSONAL NAME | |
| Personal name | Garry, Tony. |
| 9 (RLIN) | 12913 |
| 942 ## - ADDED ENTRY ELEMENTS (KOHA) | |
| Source of classification or shelving scheme | Dewey Decimal Classification |
| Item type | Book - Borrowing |
| Withdrawn status | Item status | Source of classification or shelving scheme | Damaged status | Not for loan | Vendor | Home library | Current library | Shelving location | Date acquired | Source of acquisition | Cost, normal purchase price | Serial Enumeration / chronology | Total Checkouts | Total Renewals | Full call number | Barcode | Date last seen | Date last borrowed | Koha item type |
|---|---|---|---|---|---|---|---|---|---|---|---|---|---|---|---|---|---|---|---|
| Dewey Decimal Classification | Alahram | Central Library | Central Library | First floor | 21/03/2010 | 289.50 | 302 | 7 | 3 | 658.812 HAR | 000020259 | 15/07/2025 | 31/10/2016 | Book - Borrowing |